Statistics for Spongebob

Click here to take the quiz!

General Stats

  • This quiz has been taken 11 times
  • The average score is 7 of 15

Answer Stats

Hint Answer % Correct
Who is Spongebob's Pet?Gary the Snail
100%
What is the burger called?Krabby Patty
80%
Where is Sandy's Land Home?Texas
70%
What is Plankton's Computer wife named?Karen
60%
Where does Spongebob work?Krusty Krab
60%
What color is Gary's Shell?Pink
50%
What is Mr Krabs's daughter name?Pearl
50%
Who was the perfect frycook?Jim
40%
What is the Pirate's name?Patchy the Pirate
40%
What couldn't Patrick build with Snow?Snowball
30%
What instrument does Sandy play when she joined the band?Trumpet
20%
What was the burger place in Mr Krabs's Childhood?Stinky's
20%
What majestical place doe Spongebob go to?Atlantis
20%
Why did Gary like Patrick for a long time?A Cookie in his Pocket
10%
How much Self-Portrait's does Squidward have?402
0%

Score Distribution

Percentile by Number Answered

Percent of People with Each Score

Your Score History

You have not taken this quiz